La educación mediática y los profesionales de la comunicación
שמור ב:
| מחבר ראשי: | |
|---|---|
| מחברים אחרים: | , |
| פורמט: | ספר |
| שפה: | ספרדית |
| יצא לאור: |
Barcelona, España
Gedisa S. A
2015
|
| סדרה: | Comunicación.
61 |
| נושאים: | |
| תגים: |
הוספת תג
אין תגיות, היה/י הראשונ/ה לתייג את הרשומה!
|
MARC
| LEADER | 00000cam a2200000 a 4500 | ||
|---|---|---|---|
| 001 | UCC5836 | ||
| 003 | CL-VaPUC | ||
| 005 | 20220901074209.0 | ||
| 008 | 181031e20150000sp |||||||||||||||||spa|d | ||
| 999 | |c 372945 |d 372943 | ||
| 020 | |a 9788416572021 | ||
| 040 | |c Pontificia Universidad Católica de Valparaíso | ||
| 082 | 0 | 4 | |a 302.23 BUI 2015 |2 21 |
| 100 | 0 | |a Buitrago, Alejandro |9 600234 | |
| 245 | 1 | 3 | |a La educación mediática y los profesionales de la comunicación |
| 260 | 0 | 3 | |a Barcelona, España |b Gedisa S. A |c 2015 |
| 300 | |a 158 páginas | ||
| 490 | 0 | |a Comunicación. |v 61 | |
| 583 | |a last modification |c 20181031 17:21:00 |k Rodrigo Vera | ||
| 650 | 0 | |a Medios de comunicación de masas |9 257273 | |
| 650 | 0 | |a Periodismo |9 310113 | |
| 650 | 0 | |a Periodistas |9 335499 | |
| 700 | 0 | |a Navarro, Eva |9 600235 | |
| 700 | 0 | |a García Matilla, Agustín |9 600236 | |
| 942 | |c BK |2 ddc | ||
| 945 | |d 20181031 17:21:00 |a dcastane | ||
| 952 | |0 0 |1 0 |2 ddc |3 erb |4 0 |6 302_230000000000000_BUI_2015 |7 0 |8 A |9 490837 |a BIBCUR |b BIBCUR |i 5511232 |o 302.23 BUI 2015 |p 5511232 |r 2025-04-22 |t 1 |w 2019-11-24 |y BK |z Catalogado en:20181031 |k PER | ||